000 00847nam a22002177a 4500
003 OSt
005 20250219134905.0
008 231114b ||||| |||| 00| 0 eng d
040 _c0
082 _aDPer 370.763 So131 January-December 2022 v.113 n. 1-6
100 _aKuhn, Deanna.
_eauthor.
_949962
245 _aHow might argumentation research inform discourse-based Social Studies education? /
_cDeanna Kuhn and Mariel Halpern.
260 _aPhiladelphia ;
_bTaylor & Francis Group,
_cSeptember-October 2022.
300 _avolume 113, pages 264-270,
_billustration.
500 _aThe Social Studies, v. 113, no. 5, pages 264-270, September-October 2022.
650 _aSocial sciences.
_949963
650 _aReasoning.
_949964
700 _aKuhn, Deanna.
_eauthor.
_949962
700 _aHalpern, Mariel.
_eauthor.
_949965
942 _2ddc
_cPER
999 _c18419
_d18419